00671cam a22002411 4500001001300000003000400013005001700017008004100034010001700075035001900092040001800111042001200129050001500141100002700156245004200183260005000225300001800275500001700293504003100310651003400341651003700375999001700412sa 64007528 DLC20260227112047.0830827q19601969ii b 000 0 eng  asa 64007528  a(OCoLC)9855515 aDLCcMBUdDLC apremarc00aDT429b.V31 aVarma, Shanti Narayan.10aMulti-racial society,cby S.N. Varma. aNew Delhi,bIndian Council for Africac[196-] a47 p.c22 cm. aCover title. aBibliographical footnotes. 0aAfrica, EastxRace relations. 0aAfrica, CentralxRace relations. c60310d60310